[Event "Yingmei Cup CHN-chT 2017"]
[Site "Guangdong"]
[Date "2017.12.05"]
[Round "22"]
[White "Ma, Qun"]
[Black "Zeng, Chongsheng"]
[Result "1/2-1/2"]
[WhiteElo "2636"]
[BlackElo "2546"]
[Annotator "TA"]
[PlyCount "114"]
[EventDate "2017.??.??"]
[EventCountry "CHN"]
[SourceTitle "playchess.com"]
[Source "ChessBase"]
[SourceQuality "1"]

{[%evp 11,114,26,28,28,31,39,30,37,46,0,9,1,25,16,36,22,29,22,47,17,32,22,10,6,11,0,11,0,12,0,12,12,16,13,15,31,25,0,22,20,16,16,12,12,45,37,37,32,50,26,42,36,49,54,44,48,55,18,14,20,33,19,17,23,20,0,0,0,0,0,0,0,0,0,0,-14,-14,-14,0,0,0,0,0,0,0,0,0,0,0,0,0,0,0,0,0,0,0,0,0,0,0,0,0,0,0]} 1. d4 d5 2. c4 e6 3. Nc3 Bb4 4. cxd5 exd5 5. Bf4 c6 6. e3 {D31: Queen's Gambit Declined: Semi-Slav without ...Nf6 (+ Marshall Gambit and Noteboom) and Exchange Variation lines without ...Nf6} Bf5 {LiveBook: 8 Games} 7. g4 $146 ({Predecessor:} 7. Bd3 Bxd3 8. Qxd3 Ne7 9. Nge2 Nd7 10. O-O O-O 11. a3 Ba5 12. Rfc1 a6 13. Bg5 {½-½ (74) Andreikin,D (2708)-Fedoseev,V (2731) Sochi 2017}) 7... Bg6 8. h4 {[#] aiming for h5.White is slightly better.} h5 9. g5 Nd7 {[%cal Bb8d7,Bd7f8,Bf8e6][%mdl 32]} 10. Bd3 Ne7 11. Nge2 Nf8 12. Be5 Ne6 13. Qc2 Bxd3 14. Qxd3 Ng6 15. Bg3 O-O 16. O-O-O f5 17. gxf6 Qxf6 18. Rdg1 Qf5 19. Kc2 Rad8 20. Nc1 Kh7 21. Qxf5 Rxf5 22. Nd3 Be7 23. b4 b6 24. Rb1 Rd7 25. Ne2 c5 26. bxc5 bxc5 27. dxc5 Nxc5 28. Nxc5 Bxc5 29. Rb5 Bb6 30. Rd1 Ne7 31. a4 {[%cal Ba2a4,Ba4a5][%mdl 32]} Rf6 32. a5 Bd8 33. Nd4 Ra6 34. Nb3 Rc6+ 35. Kb2 a6 36. Rc5 $1 Rb7 37. Rdc1 Re6 38. Ka2 {The position is equal.} Re4 39. Nd4 Nf5 40. Rxd5 Nxd4 41. Rxd4 ({Avoid the trap} 41. Rxd8 $2 Ne2 $19) 41... Rxd4 42. exd4 $11 {[%mdl 4096] Endgame KRB-KRB} Rb5 43. Rc5 Bxa5 44. Rc6 Be1 45. Rxa6 Rf5 46. Kb3 Bxf2 47. Bxf2 Rxf2 {KR-KR} 48. d5 Kg8 49. Re6 Rf4 50. Kc3 {[#] Hoping for d6.} Kf7 51. Re5 Rxh4 52. d6 Rh1 53. Kc2 {d7 would kill now.} Ra1 {...g6 is the strong threat.} 54. Rxh5 Ra8 55. Kd3 Rd8 56. Rd5 Ke6 57. Ke4 Rxd6 {Precision: White = 70%, Black = 70%.} 1/2-1/2

[Event "Yingmei Cup CHN-chT 2017"]
[Site "Guangdong"]
[Date "2017.12.05"]
[Round "22"]
[White "Zhao, Jun"]
[Black "Ding, Liren"]
[Result "1/2-1/2"]
[WhiteElo "2601"]
[BlackElo "2772"]
[Annotator "TA"]
[PlyCount "108"]
[EventDate "2017.??.??"]
[EventCountry "CHN"]
[SourceTitle "playchess.com"]
[Source "ChessBase"]
[SourceQuality "1"]

{[%evp 27,108,-24,-12,-14,-1,0,-7,-11,-14,-15,39,0,97,93,91,101,89,93,84,77,182,161,181,141,130,71,50,66,45,60,79,80,79,80,72,66,80,76,101,57,133,115,123,137,165,8,4,4,4,4,4,8,8,4,4,4,4,8,7,4,8,0,19,20,20,0,0,0,0,0,0,0,0,0,0,0,0,0,0,0,0,0,0]} 1. e4 c5 2. Nf3 e6 3. d4 cxd4 4. Nxd4 Nc6 5. Nc3 Qc7 6. Be2 Nf6 7. O-O Be7 8. Be3 O-O 9. f4 d6 10. Kh1 a6 11. Qe1 Nxd4 12. Bxd4 b5 13. a3 Nd7 {B85: Sicilian Scheveningen: 6 Be2 a6, lines with early Be3} 14. Bd3 Bb7 $1 {[#] LiveBook: 11 Games} 15. Rf3 $146 ({Predecessor:} 15. Qg3 Bf6 16. Bxf6 Nxf6 17. Rae1 Rac8 18. Qh4 h6 19. Re3 Qc5 20. Rg3 Kh8 21. Rg5 {1-0 (48) Inarkiev,E (2694)-Rublevsky,S (2683) Sochi 2017}) 15... Rae8 16. Rh3 {Black must now prevent Bxg7!} e5 17. fxe5 dxe5 18. Be3 Bd8 ({Better is} 18... Nc5 $11) 19. Qe2 f5 (19... Nf6 $11 {remains equal.}) 20. a4 $1 $16 {[%cal Ra4b5]} ({Much worse is} 20. exf5 e4 $15) 20... fxe4 21. Nxe4 Bxe4 22. Bxe4 Nf6 23. Bg1 Nxe4 (23... bxa4 $16 24. Rxa4 Nxe4) 24. Qxe4 $18 h6 25. axb5 axb5 {[#]} 26. Qd5+ (26. Rxh6 $142 $1 {[%mdl 512] Threatening mate with Qh7+.} gxh6 27. Ra7) 26... Kh7 27. Rc3 Qf7 28. Qxb5 Bf6 29. Qe2 e4 30. Rb3 Qe6 31. Rb6 Qd7 32. Rd1 Qc7 33. c3 e3 (33... Bg5 $14) 34. Bxe3 $16 Kh8 35. Qd3 Be5 36. h3 $2 ({White should try} 36. Qb5 $18) 36... Rd8 $11 {The position is equal.} 37. Qe2 Rxd1+ 38. Qxd1 {aiming for Qe2.} Qc4 {...Rf1+ is the strong threat.} 39. Kg1 {Black should prevent Rb4.} Qh4 {( -> ...Qg3)} 40. Bd4 Qg3 $132 {[%csl Ge5][%cal Rg3h2][%mdl 2048] Black is not keeping still} 41. Bxe5 Qe3+ 42. Kh2 Qxb6 {[%mdl 4096] Endgame KQR-KQB} 43. b4 Kh7 44. Qd5 Rf5 45. Qd3 Qg6 46. Bg3 (46. Bd4 {seems wilder.} Rf7 47. Qe3 Qf5 48. Qe2 Rb7 49. Kg1) 46... Rf7 47. Qxg6+ (47. Qe2 {feels hotter.} Rd7 48. Bf2 Qd6+ 49. Kg1 Qd1+ 50. Qxd1 Rxd1+ 51. Kh2) 47... Kxg6 {KR-KB} 48. b5 {next b6 is good for White.} Rb7 49. c4 {[%cal Bc3c4,Bc4c5][%mdl 32]} Kf5 {Threatening ...Ke4.} 50. Bf2 Ke6 51. Kg3 Rc7 52. c5 {And now b6 would win.} Rb7 53. b6 {Strongly threatening c6.} Kd5 54. Be3 Kc6 {Precision: White = 66%, Black = 64%.} 1/2-1/2

[Event "Yingmei Cup CHN-chT 2017"]
[Site "Guangdong"]
[Date "2017.12.05"]
[Round "22"]
[White "Wen, Yang"]
[Black "Lan, Zilun"]
[Result "1-0"]
[WhiteElo "2600"]
[BlackElo "2361"]
[Annotator "TA"]
[PlyCount "49"]
[EventDate "2017.??.??"]
[EventCountry "CHN"]
[SourceTitle "playchess.com"]
[Source "ChessBase"]
[SourceQuality "1"]

{[%evp 15,49,55,58,62,63,56,63,48,57,47,55,44,64,54,67,61,67,68,75,72,62,76,120,122,302,339,383,375,335,296,797,789,771,773,5597,5597]} 1. e4 d6 2. d4 e5 3. Nf3 Nc6 4. Nc3 Bg4 5. Bb5 exd4 6. Qxd4 a6 7. Bxc6+ {C62: Ruy Lopez: Steinitz Defence} bxc6 8. Bg5 (8. Qd3 Be7 9. Nd4 Bd7 10. Be3 Nf6 11. h3 O-O 12. O-O-O c5 13. Nde2 Bb5 14. Qd2 Re8 {0-1 (41) Lugovskoy,M (2499)-Vavulin,M (2456) Moscow 2016}) 8... f6 {LiveBook: 3 Games. Hoping for ...Bxf3.} 9. Be3 {White is slightly better.} Ne7 10. h3 Be6 11. O-O-O $146 ({Predecessor:} 11. O-O Qc8 12. Nh2 c5 13. Qd2 g6 14. Bh6 Kf7 15. Bxf8 Rxf8 {1-0 (47) Huba,M (2179)-Sturc,G (2139) Slovakia 2000}) 11... Qb8 12. Rhe1 Qb7 13. Qa4 Rb8 14. Nd4 $36 {[%mdl 2048] White has the initiative.} Bd7 {Threatens to win with ...c5.} ({Avoid the trap} 14... Qxb2+ $2 15. Kd2 $18) 15. Nb3 Ng6 16. f4 Be7 17. Qc4 a5 18. a3 Ra8 {[#]} 19. Nd4 $1 Nf8 $2 (19... Rb8 $16) 20. Nf5 $18 Ne6 ({Much weaker is} 20... Bxf5 21. exf5 Nd7 22. Bf2) 21. Nxe7 Kxe7 22. f5 Nd8 $2 {[#]} (22... Qa6 23. Qxa6 Rxa6 24. fxe6 Bxe6) 23. e5 $1 {[%mdl 512] White is clearly winning.} fxe5 (23... dxe5 24. Qg4) 24. Bg5+ Ke8 {[#]} 25. Rxe5+ $1 {[%mdl 512] Precision: White = 89%, Black = 37%.} 1-0

[Event "Yingmei Cup CHN-chT 2017"]
[Site "Guangdong"]
[Date "2017.12.05"]
[Round "22"]
[White "Zhou, Jianchao"]
[Black "Liu, Qingnan"]
[Result "1/2-1/2"]
[WhiteElo "2592"]
[BlackElo "2512"]
[Annotator "TA"]
[PlyCount "67"]
[EventDate "2017.??.??"]
[EventCountry "CHN"]
[SourceTitle "playchess.com"]
[Source "ChessBase"]
[SourceQuality "1"]

{[%evp 31,67,0,6,0,10,4,7,0,0,0,4,0,0,0,0,0,0,0,0,0,0,0,18,19,15,16,19,0,0,0,0,0,0,0,0,0,0,0]} 1. d4 d5 2. c4 c6 3. cxd5 cxd5 4. Nc3 Nc6 5. Nf3 Nf6 6. Bf4 Bf5 7. e3 e6 8. Bd3 Bxd3 9. Qxd3 Bd6 10. Bxd6 Qxd6 11. O-O O-O 12. Rfc1 Rfc8 13. Nd2 {D14: Slav Defence: Exchange variation with ...Bf5} (13. h3 h6 14. Nd2 Nd7 15. Ne2 Rc7 16. a3 Rac8 17. Rc3 Ne7 18. Rac1 Rxc3 19. Rxc3 Rxc3 20. Qxc3 Qc6 21. Kf1 Kf8 22. Qxc6 Nxc6 23. Nc3 Ke7 24. Ke2 a6 25. Kd3 Kd6 26. f4 f5 27. Ne2 Nf6 {½-½ (27) Li,C (2720)-Bu,X (2705) Doha 2016}) 13... Nd7 14. a3 a6 15. Rc2 Rc7 16. Rac1 Rac8 {LiveBook: 3 Games. The position is equal.} 17. Ne2 Na7 $146 ({Predecessor:} 17... Ne7 18. Rxc7 Rxc7 19. Rxc7 Qxc7 20. Qc3 Qxc3 21. Nxc3 Nc6 {½-½ (21) Ardelean,G (2495)-Bogdan,D (2374) Baile Felix 2012}) 18. Rxc7 Rxc7 19. Rxc7 Qxc7 20. Qc3 Nb5 21. Qxc7 Nxc7 $11 {[%mdl 4096] Endgame KNN-KNN} 22. Nf4 Kf8 23. Kf1 Ke7 24. Ke2 f6 25. Nd3 e5 26. dxe5 Nxe5 27. Nxe5 fxe5 {KN-KN} 28. f4 Kf6 29. fxe5+ Kxe5 30. Nf3+ Kd6 31. Nd4 Ke5 32. Nf3+ Kd6 33. Nd4 Ke5 34. Nf3+ {Precision: White = 60%, Black = 70%.} 1/2-1/2

[Event "Yingmei Cup CHN-chT 2017"]
[Site "Guangdong"]
[Date "2017.12.05"]
[Round "22"]
[White "Bai, Jinshi"]
[Black "Andreikin, Dmitry"]
[Result "0-1"]
[WhiteElo "2553"]
[BlackElo "2705"]
[Annotator "TA"]
[PlyCount "66"]
[EventDate "2017.??.??"]
[EventCountry "CHN"]
[SourceTitle "playchess.com"]
[Source "ChessBase"]
[SourceQuality "1"]

{[%evp 24,66,20,16,37,14,24,14,45,37,49,34,50,42,41,12,23,24,18,23,39,0,0,0,0,0,0,-28,-15,-94,-79,-89,-91,-287,-286,-294,-291,-529,-312,-818,-796,-29984,-29985,-29985,-29985]} 1. d4 d5 2. c4 dxc4 3. Nf3 a6 4. e3 Bg4 5. Bxc4 e6 6. Nc3 Nc6 7. h3 Bh5 8. O-O Nf6 9. Be2 Bd6 10. b3 Qe7 {D22: Angenommenes Damengambit} (10... O-O 11. Bb2 Qe8 12. Nd2 Bxe2 13. Qxe2 e5 14. d5 Nb4 15. Nc4 e4 16. Nxd6 cxd6 17. Ba3 a5 18. Rfd1 Rc8 19. Qd2 Qe5 20. Bxb4 axb4 {½-½ (60) Goryachkina,A (2478)-Alekseenko,K (2563) Sochi 2017}) 11. Bb2 Rd8 12. Nd2 Bxe2 13. Qxe2 {LiveBook: 5 Partien} e5 14. d5 Nb4 {[%cal Bc6b4,Bb4c2,Bc2d4][%mdl 32]} 15. e4 Nc2 16. Rad1 $146 Nd4 17. Qe3 O-O {[%cal Bh8f8,Bf8f5,Bf5f4,Bf4f3][%mdl 32]} 18. Nc4 Nd7 19. Ne2 Nxe2+ 20. Qxe2 f5 21. exf5 Rxf5 22. Nd2 (22. Qc2 {with more complications.} Rf7 23. Rde1 Rdf8 24. Re2 Qg5 25. Kh1) 22... Nf6 23. Ne4 Nxe4 24. Qxe4 Rf4 25. Qe2 e4 26. g3 (26. Rfe1 $11 {hält das Gleichgewicht.}) 26... Rf3 $17 {Droht stark ...Lxg3!} 27. Rd4 {[#]} Re8 $1 28. Kg2 $2 (28. Re1 $17) 28... Qg5 $19 29. Bc1 Qg6 30. Kh1 $2 (30. Qe1 {ist der einzige Weg für Weiss..}) 30... Qh5 31. h4 $2 {[#]} (31. Kh2 Qg6 32. Kh1) 31... Qg4 32. Rd3 Qh3+ 33. Kg1 Rxd3 {Precision: Weiß = 26%, Schwarz = 68%.} 0-1

[Event "Yingmei Cup CHN-chT 2017"]
[Site "Guangdong"]
[Date "2017.12.05"]
[Round "22"]
[White "Lagno, Kateryna"]
[Black "Wang, Jue"]
[Result "1-0"]
[WhiteElo "2547"]
[BlackElo "2352"]
[Annotator "TA"]
[PlyCount "89"]
[EventDate "2017.??.??"]
[EventCountry "CHN"]
[SourceTitle "playchess.com"]
[Source "ChessBase"]
[SourceQuality "1"]

{[%evp 21,89,40,27,29,50,64,60,63,50,53,47,48,57,45,48,57,89,89,75,77,94,58,91,27,161,176,137,60,130,91,100,74,214,147,318,298,308,296,305,302,303,285,437,445,455,427,406,412,631,601,633,491,812,787,766,759,1027,1021,29973,29958,2721,1161,2056,2206,2761,2179,2791,1858,29987,29988]} 1. e4 c5 2. Nc3 a6 3. Nge2 d6 4. g3 g6 5. Bg2 Bg7 6. d4 cxd4 7. Nxd4 Nf6 8. O-O O-O 9. h3 Nc6 10. Be3 Bd7 11. Nde2 Rc8 {LiveBook: 10 Games} 12. b3 {B70: Sicilian Dragon: 6 g3 and 6 Be2 (without a later Be3)} Na5 13. Rc1 $146 ({Predecessor:} 13. Qd2 Re8 14. Rac1 b5 15. Nd5 Nxd5 16. exd5 Qc7 17. Rfd1 Bb2 18. Rb1 Bg7 {½-½ (32) Nakar,E (2479)-Iturrizaga Bonelli,E (2624) Gibraltar 2016}) 13... Qc7 14. Qd2 {White is slightly better.} e6 15. Bf4 Ne8 {[%cal Rg7c3]} 16. Nd1 b5 17. Ne3 Nb7 18. c4 {cxb5 is the strong threat.} Qb6 19. Rfd1 Bc6 20. b4 Qa7 21. g4 Nf6 22. Ng3 (22. Nc3 $16) 22... e5 (22... Nd7 $11 {and Black stays safe.}) 23. Bg5 $18 h6 {[#]} 24. Bh4 ({Better is} 24. Bxf6 $1 $16 Bxf6 25. Nef5 gxf5 26. Nxf5) 24... Bd7 (24... Kh7 $14) 25. g5 hxg5 26. Bxg5 Be6 (26... Nh7 $16 27. Nd5 Rxc4) 27. Nd5 Nxd5 $2 (27... Bxd5 $16 28. cxd5 a5) 28. exd5 Bd7 29. Be3 Qb8 30. c5 {[%cal Bc4c5,Bc5c6][%mdl 32]} Nd8 31. c6 Bf5 (31... Be8 $142 32. Qc3 Qc7) 32. Qe2 Rc7 33. Nxf5 gxf5 34. f4 Re8 (34... f6 $142 35. Qh5 Nf7 36. Qxf5 Re8) 35. Qh5 Qc8 36. Rf1 Rce7 (36... e4 $142 37. Bb6 Ree7 38. Bxc7 Rxc7) 37. fxe5 Rxe5 38. Bf4 Re2 39. Bxd6 Be5 40. Bxe5 R8xe5 41. d6 (41. Qg5+ $142 Kf8 42. c7) 41... Ne6 42. c7 Nf8 43. Qg5+ Kh7 {[#]} 44. d7 $1 {[%mdl 512]} Nxd7 (44... Qxd7 45. c8=Q) 45. Rf4 {Precision: White = 74%, Black = 28%.} 1-0

[Event "Yingmei Cup CHN-chT 2017"]
[Site "Guangdong"]
[Date "2017.12.05"]
[Round "22"]
[White "Zhao, Zong-Yuan"]
[Black "Wang, Yue"]
[Result "1/2-1/2"]
[WhiteElo "2543"]
[BlackElo "2689"]
[Annotator "TA"]
[PlyCount "68"]
[EventDate "2017.??.??"]
[EventCountry "CHN"]
[SourceTitle "playchess.com"]
[Source "ChessBase"]
[SourceQuality "1"]

{[%evp 24,68,13,21,3,0,6,6,36,6,6,5,12,4,5,5,5,5,5,4,4,4,4,4,4,4,4,5,5,10,10,10,10,10,10,10,10,10,5,5,5,5,5,8,5,5,10]} 1. d4 Nf6 2. c4 e6 3. Nc3 Bb4 4. Qc2 d5 5. a3 Bxc3+ 6. Qxc3 O-O 7. Nf3 dxc4 8. Qxc4 b6 9. Bg5 {E36: Nimzoindisch (4.Dc2)} Ba6 10. Qa4 Qd7 11. Qc2 c5 12. dxc5 Rc8 13. Bxf6 {LiveBook: 11 Partien} gxf6 14. Qe4 Qb5 15. b4 ({Bitte nicht} 15. Qxa8 Qxb2 16. Rd1 Nc6 $17) 15... bxc5 16. e3 ({Doch nicht} 16. Qxa8 Qc4 $17) 16... Qb7 {[#] Die Stellung ist ausgeglichen.} 17. Qg4+ $146 Kf8 18. b5 Bxb5 19. Rb1 $1 a6 20. a4 f5 21. Qf4 {[#] Schwarz muss nun Dh6+ beachten.} Qe4 22. Qxe4 fxe4 23. axb5 exf3 24. b6 {Droht b7 und aus.} Rd8 25. gxf3 Nc6 26. f4 {[#] Und Lg2 würde nun gewinnen.} Rab8 27. Bg2 Nb4 28. b7 Nd5 29. O-O $36 {[%mdl 2048] Weiss steht aktiver.} Rd7 30. Rfc1 Rdxb7 31. Rxb7 Rxb7 32. Bxd5 exd5 33. Rxc5 d4 34. exd4 Rb4 {Precision: Weiß = 74%, Schwarz = 82%.} 1/2-1/2

[Event "Yingmei Cup CHN-chT 2017"]
[Site "Guangdong"]
[Date "2017.12.05"]
[Round "22"]
[White "Lei, Tingjie"]
[Black "Gu, Tianlu"]
[Result "1-0"]
[WhiteElo "2528"]
[BlackElo "2187"]
[Annotator "TA"]
[PlyCount "131"]
[EventDate "2017.??.??"]
[EventCountry "CHN"]
[SourceTitle "playchess.com"]
[Source "ChessBase"]
[SourceQuality "1"]

{[%evp 25,131,36,58,55,63,68,73,68,68,45,31,25,45,50,38,40,35,33,133,135,132,137,139,140,139,137,141,135,140,134,136,140,130,139,143,135,141,155,161,160,156,156,197,200,192,193,214,199,243,189,187,85,85,85,87,85,85,85,85,52,79,16,51,0,0,0,0,0,0,0,0,0,0,0,0,0,0,0,0,0,0,0,0,0,0,0,5077,5710,5089,3369,3939,2330,1098,705,29947,11984,11918,7231,29981,29982,29982,29983,29985,29986,29988,29989,29989,29990]} 1. e4 c5 2. Nf3 Nc6 3. d4 cxd4 4. Nxd4 Nf6 5. Nc3 d6 6. Bg5 e6 7. Qd2 a6 8. O-O-O Bd7 9. f4 b5 10. Bxf6 gxf6 11. Kb1 b4 {B67: Sicilian: Richter-Rauzer: 7...a6 8 0-0-0 Bd7, lines without 9 f4 Be7} (11... Qb6 12. Nce2 h5 13. h4 O-O-O 14. Rh3 Kb8 15. Nxc6+ Bxc6 16. Rb3 d5 17. Nd4 Bb7 18. e5 fxe5 19. fxe5 Rg8 20. g3 Rg4 {½-½ (31) Solak,D (2624)-Ivanchuk,V (2729) Kocaeli 2017}) 12. Nce2 {[%cal Bc3e2,Be2c1,Bc1d3][%mdl 32]} Qb6 13. Nf3 Qc5 {LiveBook: 3 Games. White is slightly better.} 14. f5 {[#]} e5 $146 ({Predecessor:} 14... h5 15. fxe6 fxe6 16. g3 Ne5 17. Nfd4 Nc4 18. Qd3 e5 19. Nf4 Nxb2 20. Kxb2 exf4 21. gxf4 {½-½ (36) Weinstein,N (2475)-Browne,W (2545) Lone Pine 1977}) 15. Nc1 a5 {[%cal Ba6a5,Ba5a4,Ba4b3][%mdl 32]} 16. g4 a4 17. g5 fxg5 18. Nd3 Qa5 19. Qxg5 b3 20. cxb3 axb3 21. a3 Qa4 ({Black should play} 21... h6 $14 22. Qg3 h5) 22. Qf6 $1 $36 {[%mdl 2048] Black is under strong pressure.} Qxe4 23. Bg2 {aiming for Nfxe5.} Qc4 {( -> ...Qc2+)} ({Not} 23... Qe2 $2 24. Rd2 $18) 24. Rd2 $1 Rg8 {[#]} 25. Nfxe5 $1 {[%mdl 512]} dxe5 (25... Nxe5 26. Nxe5) 26. Nxe5 Be7 27. Qxc6 (27. Nxc4 $2 {too greedy.} Bxf6 28. Re1+ Kf8 $19) 27... Qxc6 28. Bxc6 Bxc6 29. Nxc6 Rc8 30. Nd4 Rg5 31. Rf1 Rd8 32. Nxb3 Rxd2 33. Nxd2 $18 {[%mdl 4096] Endgame KRB-KRN} Rg2 34. Nc4 Rxh2 35. f6 $1 {Black must now prevent Re1.} Bd8 36. a4 Kd7 37. Rd1+ Kc7 38. Nb6 (38. a5 $1 $18 {[%cal Ra5a6] and the rest is easy. Hoping for a6.} Bxf6 39. a6) 38... Kxb6 $16 39. Rxd8 {KR-KR} Rf2 40. Rd5 Rxf6 41. Ka2 Rf3 42. Rh5 f5 43. Rxh7 ({Better is} 43. b4 $1 $16) 43... f4 44. b4 (44. Rh5 $14) 44... Re3 $11 45. Rh6+ Kb7 46. a5 f3 47. Kb2 Rd3 48. Rf6 Re3 49. Rd6 Ka7 50. Rf6 Kb7 51. Kc2 Ra3 52. Kd2 Rb3 53. Rf4 Ka6 54. Ke1 {Threatening Kf2.} Rb2 55. Rf6+ Kb5 $2 {[%mdl 8192]} (55... Ka7 $11) 56. Rb6+ $1 $18 Kc4 57. a6 $1 {[%cal Ra6a7]} Ra2 58. b5 $1 Kd3 59. Rb7 $1 f2+ 60. Kf1 Ke3 {[#]} 61. Kg2 $1 Ke2 {[#]} 62. Re7+ $1 {White mates.} ({Don't go for} 62. Rf7 $2 Ke1 $19) 62... Kd3 63. a7 Kc4 64. b6 {[%cal Bb5b6,Bb6b7][%mdl 32]} Kc5 65. b7 Rxa7 66. Re5+ {Precision: White = 70%, Black = 72%.} 1-0

[Event "Yingmei Cup CHN-chT 2017"]
[Site "Guangdong"]
[Date "2017.12.05"]
[Round "22"]
[White "Tan, Zhongyi"]
[Black "Harika, Dronavalli"]
[Result "1-0"]
[WhiteElo "2523"]
[BlackElo "2528"]
[Annotator "TA"]
[PlyCount "167"]
[EventDate "2017.??.??"]
[EventCountry "CHN"]
[SourceTitle "playchess.com"]
[Source "ChessBase"]
[SourceQuality "1"]

{[%evp 20,167,0,1,2,1,1,2,16,14,16,15,15,12,9,10,47,47,39,31,43,49,37,37,42,47,47,33,35,35,35,35,35,35,35,35,44,44,44,44,44,44,44,47,47,44,44,44,72,80,149,146,173,162,168,68,68,68,181,97,177,75,176,174,190,182,217,221,194,208,247,235,193,199,182,182,187,119,119,119,119,126,117,147,147,146,186,186,186,186,186,186,186,186,268,85,85,85,117,117,124,129,134,134,85,85,87,73,312,312,306,272,290,268,368,362,527,413,281,139,139,146,147,147,1858,1613,2021,1996,1901,1777,1404,147,3310,8,29972,29973,29971,29970,29970,29968,29972,29959,29973,29975,29974,29976,29976,29977,29983,29984]} 1. d4 d5 2. c4 e6 3. Nf3 Nf6 4. Bg5 h6 5. Bxf6 Qxf6 6. Nc3 c6 7. e3 g6 8. Bd3 {D43: Semi-Slav: 5 Bg5 h6} Bg7 9. cxd5 exd5 10. b4 O-O 11. O-O {LiveBook: 3 Games} a6 $146 ({Predecessor:} 11... Be6 12. Na4 Qe7 13. Rb1 b6 14. Qc2 Rc8 15. Rfc1 Nd7 {½-½ (39) Berkes,F (2659)-So,W (2779) Kocaeli 2015}) 12. a4 Bg4 13. h3 Bxf3 14. Qxf3 Qxf3 15. gxf3 Nd7 16. Rfc1 Rfd8 17. Rab1 Nf8 18. f4 Bf6 19. Kg2 Ne6 20. Ne2 Be7 21. f5 gxf5 22. Bxf5 Ng7 23. Bd3 Rac8 24. Kf3 Kf8 25. Nf4 Bd6 26. Rg1 Bxf4 27. Kxf4 Rd6 28. Kf3 Rf6+ 29. Ke2 Re8 30. Bh7 Ne6 31. Rg8+ Ke7 32. Rxe8+ Kxe8 $14 {[%mdl 4096] Endgame KRB-KRN} 33. Rg1 Ke7 34. Rg8 Nf8 ({Black should play} 34... Ng5) 35. Bd3 $16 Ke8 36. h4 Ke7 37. h5 (37. a5 $18) 37... Rd6 $14 38. Rh8 Rf6 (38... f5 $14) 39. Kf1 (39. a5 $18) 39... Ne6 (39... Rd6 $16) 40. Be2 (40. a5 $18) 40... Nd8 (40... Ng5 $16 {keeps fighting.}) 41. Bg4 b6 42. Ke2 a5 43. bxa5 bxa5 44. f3 Rd6 45. Kd3 Rf6 46. e4 dxe4+ 47. fxe4 Rf4 {[#]} 48. Bc8 ({White should try} 48. Bf5 $1 $18) 48... Rf3+ $16 49. Kc4 Re3 50. e5 Ra3 51. Rxh6 Rxa4+ 52. Kc5 {And now Rh8 would win.} Rb4 53. Rd6 Rb8 54. Rd7+ Ke8 55. Rc7 Rb5+ 56. Kc4 Rb4+ (56... Rb1 $142 57. Bg4 Rc1+ 58. Kd3 Rh1 59. Bd7+ Kf8 60. Bxc6 Nxc6) 57. Kc3 $2 (57. Kd3 $18 {is the precise move to win.}) 57... Rb1 58. Kd3 {aiming for Bd7+.} Rh1 59. Bd7+ Kf8 60. Bxc6 Rxh5 61. Rc8 Ke7 62. Ba4 Rh3+ 63. Ke4 Ra3 $2 (63... Rh6 $16) 64. Bb5 $18 Rb3 65. Bc4 Rb4 66. Rc7+ Kf8 67. d5 a4 (67... Ke8 $142 68. Kf5 Rb2) 68. Rc8 a3 69. Kd4 ({Much less strong is} 69. Rxd8+ $6 Ke7 $16) (69. Kf5 $18 {and White stays clearly on top.} Ke8 70. d6) 69... Ra4 $16 {Strongly threatening ...a2.} 70. Kd3 ({Much weaker is} 70. Rxd8+ $6 Ke7 $11) 70... a2 71. Bxa2 $1 Rxa2 $2 {[%mdl 8192]} (71... Ra3+ $16 72. Ke4 Rxa2 73. Rxd8+ Ke7) 72. Rxd8+ {KR-KR} Ke7 73. Rb8 Rf2 74. Rb7+ Ke8 {[#]} 75. Kd4 $2 (75. Ra7 $1 $18 {[%cal Ra7c7]} Rf1 76. Rb7) 75... Rf5 $2 {[%mdl 8192]} (75... Rc2 $16 76. Rb1 Kd8) 76. Kc5 $2 ({White must play} 76. Ra7 $18 {Ra1 is the strong threat.} Rh5 77. Rc7) 76... Rf1 $2 {[%mdl 8192]} (76... Rxe5 $11 77. Kc6 f5) 77. Kd6 {[%cal Rb7b8] White mates.} Kf8 78. Rb8+ Kg7 79. Ra8 Rc1 80. Ke7 Rc7+ 81. Kd8 Rc5 82. d6 {[%cal Bd5d6,Bd6d7][%mdl 32]} Rxe5 83. d7 Rc5 84. Ke7 {Precision: White = 61%, Black = 46%.} 1-0

[Event "Yingmei Cup CHN-chT 2017"]
[Site "Guangdong"]
[Date "2017.12.05"]
[Round "22"]
[White "Stefanova, Antoaneta"]
[Black "Zhai, Mo"]
[Result "1-0"]
[WhiteElo "2506"]
[BlackElo "2300"]
[Annotator "TA"]
[PlyCount "63"]
[EventDate "2017.??.??"]
[EventCountry "CHN"]
[SourceTitle "playchess.com"]
[Source "ChessBase"]
[SourceQuality "1"]

{[%evp 18,63,4,2,34,33,61,21,74,42,25,48,36,30,39,25,38,31,26,26,44,32,22,6,11,10,4,4,31,29,134,128,166,162,179,181,331,235,260,265,281,271,285,279,427,433,415,410]} 1. d4 Nf6 2. Nf3 e6 3. e3 b6 4. Bd3 Bb7 5. O-O d5 6. c4 Bd6 7. b3 O-O 8. Bb2 Nbd7 9. Nc3 a6 10. a4 {[%cal Ba2a4,Ba4a5][%mdl 32] LiveBook: 5 Games. E14: Queen's Indian: Classical Variation (4 e3)} (10. Qe2 c5 11. cxd5 exd5 12. Rfd1 Re8 13. Rac1 Qb8 14. Bf5 cxd4 15. Rxd4 Ne5 16. Na4 b5 17. Nb6 Ra7 {½-½ (57) Laznicka,V (2664)-Naiditsch,A (2710) Linares 2017}) 10... Ne4 11. a5 $146 ({Predecessor:} 11. Qc2 f5 12. Rfc1 Nxc3 13. Qxc3 dxc4 14. Bxc4 Qf6 15. Ba3 Bxf3 16. gxf3 Bxa3 17. Rxa3 Qg5+ {1-0 (30) Richardson,K (1775)-Humphreys,M (2207) Calgary 2015}) 11... Ndf6 12. Na4 {White is slightly better.} Bb4 ({Reject} 12... bxa5 $6 13. c5 $18) (12... b5 $11) 13. Qc2 dxc4 14. bxc4 b5 15. cxb5 axb5 16. Nc5 Nxc5 17. dxc5 Bxf3 $1 18. gxf3 Rxa5 19. Rxa5 Bxa5 20. Rd1 {[#] Hoping for Bxh7+!} Qe7 21. Bxb5 Bb4 22. Rc1 Rd8 23. Qc4 $36 {[%mdl 2048] Black is under pressure.} Bd2 (23... Nd5 $1 $11 {remains equal.}) 24. Rd1 $16 h6 25. Bc6 Nh5 26. f4 Nf6 (26... Ba5 {is a better defense.} 27. Bd4 Qh4) 27. Bf3 Ba5 28. Ra1 Bd2 29. Bd4 Rb8 30. Rd1 Ba5 (30... Bb4 $142 31. Rb1 Nd5) 31. Qa4 $18 Bb4 32. Rb1 {Precision: White = 76%, Black = 27%.} 1-0